Moratoria ampliada. Obligaciones impositivas, de la seguridad social y aduanera (Registro nro. 35319)

Detalles MARC
000 -LEADER
fixed length control field 00381 a2200109 4500
001 - CONTROL NUMBER
control field ART_52156
005 - DATE AND TIME OF LATEST TRANSACTION
control field 20260410162046.0
008 - FIXED-LENGTH DATA ELEMENTS--GENERAL INFORMATION
fixed length control field 260409a
100 1# - MAIN ENTRY--PERSONAL NAME
Personal name Baldo, Alberto
245 10 - TITLE STATEMENT
Title Moratoria ampliada. Obligaciones impositivas, de la seguridad social y aduanera
773 0# - HOST ITEM ENTRY
Title Impuestos
Related parts Ampliación de la moratoria fiscal - Nº 83/1 (sep. 2020)
Record control number REV45175

No hay ítems disponibles.